Quiz sur l'univers Dragon Ball -- Niveau Expert - Statistiques

Statistiques générales
  • Ce quiz a été pris 49 fois
  • Le résultat moyen est 10 sur 20
Statistiques - réponses
Hint Réponse % Correct
Point faible des Saiyen la queue
95%
1er voeu effectué avec les Dragon Ball (dans le manga) une culotte
77%
Frère de Vegeta Tarble
72%
Nom du nuage magique de Goku Kinto-un
67%
1er personnage tué par Vegeta sur Namek Kiwi
67%
1er personnage que Piccolo "assimile" Nail
67%
Goku en détruit une en réalisant son 1er Kamehameha voiture
67%
Dernier survivant connu des Céréaliens Granola
59%
Personnage qui se fait arracher les 2 bras par Vegeta C19
54%
1er Super Saiyen, des milliers d'années avant Goku selon la légende Yamoshi
49%
Kaio de la galaxie de Paikûhan Kaio de l'ouest
44%
Inventeur de "la danse de l'air" Tsuru Senin
44%
Dragon maléfique correspondant à la boule a 4 étoiles Sû Shenron
41%
Dieu de l'univers 11 Vermouth
38%
Animal en lequel se transforme Oolong pour impressionner Goku Taureau
36%
Attribut Saiyen ayant permit à Cell de revenir encore plus fort après avoir frôlé la mort Zenkai
33%
Nom du baton magique de Goku Nyoi Bo
26%
Personnage contre lequel apparait "le faux Super Saiyen" en OAV Slugh
26%
Majin le plus puissant Buuhan
23%
Vrai nom de Kaioshin (Daïma) Nahare
13%
Aucun quiz correspondant
Distribution des résultats
% des personnes avec chaque résultat
Percentile par nombre de réponses
Votre historique - résultats
Vous n’avez pas pris ce quiz